=LDR 00000nam 2200000 4500 =001 INLIS000000000020349 =005 20130612115315 =008 ***********************************ind** =035 ##$$0010-061300000020349 =041 ##$$a ind =082 ##$$a 336.2 =090 ##$$a 336.2, Ros p =100 ##$$a Rosdiana, Haula =245 ##$$a Perpajakan, Teori dan aplikasi, Haula Rosdiana; Rasin Tarigan =260 ##$$a 2005 $b Jakarta =300 ##$$a xiv, 422 hlm, 21 cm =650 ##$$a Pajak dan Perpajakan =850 ##$$a NBPNMAT